JPEGMAFIA - Sudden Death - Statistics

General Stats
  • This quiz has been taken 185 times
  • The average score is 5 of 19
Answers on the Grid
Answers color-coded by a green-red scale on the quiz's grid according to % correct below.
cuck
Garbage Pale Kids
2016 was a great year
NO CAPS ALL SPACES
John Wayne
don't rely on other men
BBW
R.I.P. Ismaaiyl Brinsley
caustic
JIHAD JOE
PRAY TO ALLAH
HERMANOS
What the hip hop fuck is this?
HATE
STARRCADE 97
1539 N. Calvert
@lightskinmanson
I'll Never Forgive Hipsters For What They Did To Brooklyn
DD Form 214
man purse
Urb
Jack Harlow Combo Meal
Coke
ROUGH 8
BMT!
LAST DANCE!
Right Hand on the Bible
Mask on the Masters
Let’s Hit A Lick On The White House
Old Black History
 
Answer Stats
Answer % Correct
Garbage Pale Kids
75%
cuck
54%
don't rely on other men
46%
JIHAD JOE
39%
BBW
37%
HERMANOS
37%
1539 N. Calvert
34%
Jack Harlow Combo Meal
28%
STARRCADE 97
27%
DD Form 214
25%
BMT!
24%
HATE
22%
man purse
19%
R.I.P. Ismaaiyl Brinsley
19%
LAST DANCE!
15%
Let’s Hit A Lick On The White House
13%
I'll Never Forgive Hipsters For What They Did To Brooklyn
10%
Mask on the Masters
9%
Urb
9%
No matching quizzes found
Score Distribution
Percent of People with Each Score
Percentile by Number Answered
Your Score History
You have not taken this quiz